Hack proofing sun solaris 8: (Record no. 428)

MARC details
000 -LEADER
fixed length control field 00626nac a22001571u 4500
020 ## - INTERNATIONAL STANDARD BOOK NUMBER
International Standard Book Number 8177222244
082 ## - DEWEY DECIMAL CLASSIFICATION NUMBER
Classification number 005.8
Item number M6431
090 ## - LOCALLY ASSIGNED LC-TYPE CALL NUMBER (OCLC); LOCAL CALL NUMBER (OCLC)
-- 428
-- 428
100 ## - MAIN ENTRY--PERSONAL NAME
Personal name Miles, Wyman
245 ## - TITLE STATEMENT
Title Hack proofing sun solaris 8:
Remainder of title protect your solaris network from attack/
Statement of responsibility, etc Miles, Wyman, Ed Mitchell, F. William Lynch; Randy Cook, technical editor.
260 ## - PUBLICATION, DISTRIBUTION, ETC. (IMPRINT)
Place of publication, distribution, etc New Delhi:
Name of publisher, distributor, etc Syngress
Date of publication, distribution, etc 2002
300 ## - PHYSICAL DESCRIPTION
Extent 393 p. :
Other physical details illus. ;
Dimensions cm
650 ## - SUBJECT ADDED ENTRY--TOPICAL TERM
Topical term or geographic name as entry element Computer security
942 ## - ADDED ENTRY ELEMENTS (KOHA)
Item type Book - Borrowing
Call number prefix 005.8M6431
Holdings
Withdrawn status Item status Source of classification or shelving scheme Damaged status Not for loan Vendor Home library Current library Shelving location Date acquired Source of acquisition Cost, normal purchase price Total Checkouts Full call number Barcode Date last seen Cost, replacement price Koha item type
    Dewey Decimal Classification       Central Library Central Library Lower Floor 06/04/2013   95.00   005.8 MIL 000004197 15/07/2025 118.75 Book - Borrowing